| 000 | 00429nam a2200181Ia 4500 | ||
|---|---|---|---|
| 003 | GCL | ||
| 008 | 140319s9999 xx 000 0 eng d | ||
| 040 |
_aGCL / _cGCL |
||
| 082 | 0 | 4 |
_aCH _b372.65 _bB A |
| 100 | 1 | _aBOURI, PAR I | |
| 245 | 1 | 0 |
_aA.B.C. / _cBOURI, PAR I |
| 650 | 0 | 4 | _aCHILDREN |
| 650 | 0 | 4 | _aENGLISH LANGUAGE |
| 650 | 0 | 4 | _aEDUCATION |
| 650 | 0 | 4 | _aCHILDREN - LEARNING |
| 650 | 0 | 4 | _aENGLISH LETTERS |
| 942 |
_2ddc _cBK |
||
| 999 |
_c15541 _d15541 |
||